Statistics for U.S. Cities Named After European Cities

Click here to take the quiz!

General Stats

  • This quiz has been taken 38 times
    (37 since last reset)
  • The average score is 3 of 6

Answer Stats

StateCountry of NamesakeCity% Correct
GeorgiaGreeceAthens
97%
TexasItalyRome
82%
TexasUkraineOdessa
67%
South CarolinaItalyFlorence
45%
PennsylvaniaUnited KingdomYork
39%
CaliforniaItalyLodi
3%

Score Distribution

Percentile by Number Answered

Percent of People with Each Score

Your Score History

You have not taken this quiz since the last reset